[Event "2. Open Fincas Mediterranea"]
[Site "Castelldefels ESP"]
[Date "2005.08.21"]
[Round "5.11"]
[White "Martin Canfran, Ruben"]
[Black "Castells Briones, Miquel"]
[Result "0-1"]
[WhiteElo "2202"]
[BlackElo "2101"]
[PlyCount "94"]
[EventDate "2005.08.17"]
[EventType "swiss"]
[EventRounds "9"]
[EventCountry "ESP"]
[Source "lmi"]
[SourceDate "2005.08.25"]

1. Nf3 Nf6 2. g3 b6 3. Bg2 Bb7 4. O-O e6 5. c4 Be7 6. b3 c5 7. Bb2 O-O 8. Nc3
d6 9. d4 cxd4 10. Nxd4 Bxg2 11. Kxg2 a6 12. e4 Qc7 13. Qe2 Nbd7 14. Rad1 Rfe8
15. Rfe1 Bf8 16. f3 Rac8 17. Rd2 g6 18. Qd1 Bh6 19. Rc2 Red8 20. Nde2 Ne5 21.
Nd4 Nfd7 22. f4 Nc6 23. Nf3 Bg7 24. Rd2 Nf6 25. h3 Nh5 26. Re3 h6 27. Red3 Bf8
28. Ba3 Bg7 29. Ne2 Nf6 30. Re3 Ne8 31. f5 Ne5 32. fxe6 fxe6 33. Nf4 Qf7 34.
Nd4 Nxc4 35. bxc4 e5 36. Nfe6 exd4 37. Nxd8 Qxc4 38. Red3 Rxd8 39. Qf3 Nc7 40.
Bb2 Ne6 41. Qg4 Kh7 42. Qh4 Rd7 43. Qg4 Rf7 44. Rf3 h5 45. Qh4 Rxf3 46. Kxf3
Qf1+ 47. Rf2 Qd1+ 0-1

[Event "2. Open Fincas Mediterranea"]
[Site "Castelldefels ESP"]
[Date "2005.08.21"]
[Round "5.12"]
[White "Porras Mateo, Felipe"]
[Black "Avila Jimenez, Javier"]
[Result "0-1"]
[WhiteElo "2043"]
[BlackElo "2194"]
[PlyCount "46"]
[EventDate "2005.08.17"]
[EventType "swiss"]
[EventRounds "9"]
[EventCountry "ESP"]
[Source "lmi"]
[SourceDate "2005.08.25"]

1. d4 d5 2. c4 c6 3. cxd5 cxd5 4. e3 Nf6 5. Nc3 Nc6 6. Nf3 a6 7. Ne5 Bd7 8. f4
b5 9. Bd3 e6 10. Qf3 Na5 11. b3 Rc8 12. Bb2 Bb4 13. Rc1 Qe7 14. O-O O-O 15. Qh3
g6 16. Qh4 Rfd8 17. h3 Nc6 18. a3 Ne8 19. Qxe7 Bxe7 20. Nxd7 Rxd7 21. a4 Nb4
22. Be2 bxa4 23. Bxa6 Nxa6 0-1

[Event "2. Open Fincas Mediterranea"]
[Site "Castelldefels ESP"]
[Date "2005.08.21"]
[Round "5.13"]
[White "Kluss, Kai"]
[Black "Sanchez Rodriguez, Jaime"]
[Result "1-0"]
[WhiteElo "2192"]
[BlackElo "2080"]
[PlyCount "75"]
[EventDate "2005.08.17"]
[EventType "swiss"]
[EventRounds "9"]
[EventCountry "ESP"]
[Source "lmi"]
[SourceDate "2005.08.25"]

1. d4 d5 2. c4 e6 3. Nc3 f5 4. g3 Nf6 5. Bg2 c6 6. Nf3 Bd6 7. Bf4 O-O 8. Qc2
Ne4 9. O-O Bxf4 10. gxf4 Nd7 11. e3 Rf6 12. Ne5 Rh6 13. Bxe4 Nxe5 14. dxe5 fxe4
15. f3 exf3 16. Rxf3 Bd7 17. Rg3 Be8 18. Rd1 Qe7 19. cxd5 cxd5 20. Qg2 Bc6 21.
Ne2 Rc8 22. Nd4 Be8 23. Qd2 Bg6 24. Rc1 Rd8 25. Rg5 Be4 26. Qa5 a6 27. Qb6 Kf7
28. b4 Rh3 29. Rxg7+ Kxg7 30. Nxe6+ Kh8 31. Qxd8+ Qxd8 32. Nxd8 Rxe3 33. Rc7 h5
34. f5 Bxf5 35. Nf7+ Kg7 36. Nd6+ Kg8 37. Nxf5 Rxe5 38. Ne7+ 1-0

[Event "2. Open Fincas Mediterranea"]
[Site "Castelldefels ESP"]
[Date "2005.08.21"]
[Round "5.15"]
[White "Sprenger, Wendelin"]
[Black "Dominguez Pons, Enric"]
[Result "1-0"]
[WhiteElo "2174"]
[BlackElo "2073"]
[PlyCount "59"]
[EventDate "2005.08.17"]
[EventType "swiss"]
[EventRounds "9"]
[EventCountry "ESP"]
[Source "lmi"]
[SourceDate "2005.08.25"]

1. e4 c5 2. Nf3 d6 3. d4 cxd4 4. Nxd4 Nf6 5. Nc3 a6 6. Rg1 Nc6 7. Nb3 g6 8. g4
Bg7 9. g5 Nd7 10. Be3 O-O 11. Qe2 b5 12. O-O-O Nb6 13. Kb1 Nc4 14. Bc1 Bb7 15.
Rg3 Rc8 16. Qg4 N6e5 17. Qh4 b4 18. Nd5 Bxd5 19. exd5 Qc7 20. Nd4 a5 21. Rh3 h5
22. gxh6 Bf6 23. Bg5 Bxg5 24. Qxg5 a4 25. f4 Na3+ 26. bxa3 bxa3 27. fxe5 dxe5
28. Nc6 Qb6+ 29. Kc1 Rfd8 30. Qxe5 1-0

[Event "2. Open Fincas Mediterranea"]
[Site "Castelldefels ESP"]
[Date "2005.08.21"]
[Round "5.17"]
[White "Rodriguez Vega, Blas"]
[Black "Festa, Giovanni"]
[Result "1/2-1/2"]
[WhiteElo "2166"]
[BlackElo "1975"]
[PlyCount "55"]
[EventDate "2005.08.17"]
[EventType "swiss"]
[EventRounds "9"]
[EventCountry "ESP"]
[Source "lmi"]
[SourceDate "2005.08.25"]

1. e4 c5 2. Nf3 Nc6 3. d4 cxd4 4. Nxd4 Nf6 5. Nc3 d6 6. Be3 Ng4 7. Bb5 Nxe3 8.
Nxc6 Nxg2+ 9. Kf1 bxc6 10. Bxc6+ Bd7 11. Bxa8 Ne3+ 12. fxe3 Qxa8 13. Qd3 g6 14.
Kf2 Bg7 15. Rhg1 O-O 16. Ke2 Bxc3 17. Qxc3 Qxe4 18. Kd2 Rc8 19. Qd3 Qb4+ 20. c3
Qxb2+ 21. Qc2 Qb5 22. Raf1 Qd5+ 23. Kc1 Qe5 24. Kb2 Qxe3 25. Rg3 Qc5 26. Ka1 e5
27. h4 h5 28. Rxg6+ 1/2-1/2

[Event "2. Open Fincas Mediterranea"]
[Site "Castelldefels ESP"]
[Date "2005.08.21"]
[Round "5.18"]
[White "Campos Cayuelas, Marc"]
[Black "Severri Arrese, Carlos"]
[Result "1/2-1/2"]
[WhiteElo "2037"]
[BlackElo "2150"]
[PlyCount "84"]
[EventDate "2005.08.17"]
[EventType "swiss"]
[EventRounds "9"]
[EventCountry "ESP"]
[Source "lmi"]
[SourceDate "2005.08.25"]

1. d4 Nf6 2. Nc3 Nc6 3. e4 e5 4. dxe5 Nxe5 5. f4 Nc6 6. e5 Ng8 7. Bc4 Bb4 8.
Nf3 Qe7 9. Be3 Nh6 10. Qe2 d6 11. O-O Bxc3 12. bxc3 O-O 13. exd6 cxd6 14. Qd2
Be6 15. Bd3 Bf5 16. Nd4 Qf6 17. Rf3 Rfe8 18. Rg3 d5 19. Rg5 Be4 20. Qf2 Ne7 21.
Nb5 Nef5 22. Bxa7 Bxd3 23. cxd3 Qa6 24. Nc7 Qxd3 25. Nxa8 Rxa8 26. Bd4 g6 27.
Re1 Qc4 28. Qe2 Nxd4 29. Qxc4 Nf3+ 30. gxf3 dxc4 31. Rg2 Nf5 32. Rge2 Kg7 33.
Rb1 Rd8 34. Rxb7 Rd3 35. Kf2 Rxc3 36. Rbb2 Ra3 37. Rec2 Ra4 38. Rc3 Nd6 39. a3
Ra5 40. Rb6 Nb5 41. Rxc4 Nxa3 42. Rc7 Nb5 1/2-1/2

[Event "2. Open Fincas Mediterranea"]
[Site "Castelldefels ESP"]
[Date "2005.08.21"]
[Round "5.19"]
[White "Diaz Moron, Agustin"]
[Black "Giacomelli Panyella, Frederic"]
[Result "1/2-1/2"]
[WhiteElo "1992"]
[BlackElo "2112"]
[PlyCount "63"]
[EventDate "2005.08.17"]
[EventType "swiss"]
[EventRounds "9"]
[EventCountry "ESP"]
[Source "lmi"]
[SourceDate "2005.08.25"]

1. d4 d5 2. e4 dxe4 3. Nc3 Nf6 4. f3 e3 5. Bxe3 e6 6. Bc4 Nd5 7. Nxd5 exd5 8.
Bd3 Bd6 9. Ne2 Qe7 10. Qd2 O-O 11. O-O Re8 12. Bg5 f6 13. Bf4 Be6 14. Rae1 Nc6
15. c3 Qd7 16. Bxd6 Qxd6 17. Ng3 Re7 18. f4 Rae8 19. Qc2 g6 20. f5 Bf7 21. Rxe7
Nxe7 22. Qd2 g5 23. Be2 Nc8 24. Bh5 Qe7 25. Bxf7+ Kxf7 26. Qd1 Nd6 27. Qh5+ Kg7
28. h4 Qe3+ 29. Kh2 gxh4 30. Qxh4 Qg5 31. Qxg5+ fxg5 32. Kh3 1/2-1/2

[Event "2. Open Fincas Mediterranea"]
[Site "Castelldefels ESP"]
[Date "2005.08.21"]
[Round "5.20"]
[White "Gonzalez Valenzuela, Didac"]
[Black "Martinez Lopez, Miquel"]
[Result "1-0"]
[WhiteElo "2112"]
[BlackElo "1905"]
[PlyCount "103"]
[EventDate "2005.08.17"]
[EventType "swiss"]
[EventRounds "9"]
[EventCountry "ESP"]
[Source "lmi"]
[SourceDate "2005.08.25"]

1. d4 d5 2. c4 e6 3. Nc3 Nf6 4. Bg5 c6 5. Nf3 Nbd7 6. e3 Qa5 7. Nd2 Bb4 8. Qc2
O-O 9. Be2 Re8 10. O-O Bxc3 11. bxc3 e5 12. dxe5 Rxe5 13. Bf4 Re8 14. Nb3 Qd8
15. Rad1 Qe7 16. Bg3 dxc4 17. Bxc4 Ne5 18. Be2 Ng6 19. Bd6 Qd8 20. Nc5 Nd5 21.
Bg3 Qe7 22. Nb3 Qf6 23. Nd4 Nde7 24. Qb3 Nf5 25. Nxf5 Qxf5 26. Rd6 Ne5 27. Rfd1
Nd7 28. Bd3 Qh5 29. Bb1 Nb6 30. R6d4 Be6 31. Qb2 Qa5 32. Qc2 g6 33. Bc7 Rac8
34. Bxb6 Qxb6 35. Qd2 Qc7 36. e4 Qa5 37. h3 Qb6 38. Rd6 Qc5 39. Rd4 Qb6 40. Kh1
c5 41. Rd6 Rc6 42. e5 Rxd6 43. exd6 Rd8 44. Be4 Qa6 45. Bb1 b5 46. f4 Qc6 47.
f5 Bc8 48. Qf4 Bb7 49. Rd2 Kg7 50. Qe5+ Kg8 51. fxg6 hxg6 52. Bxg6 1-0

[Event "2. Open Fincas Mediterranea"]
[Site "Castelldefels ESP"]
[Date "2005.08.22"]
[Round "6.3"]
[White "Megaranto, Susanto"]
[Black "Milov, Leonid"]
[Result "0-1"]
[WhiteElo "2499"]
[BlackElo "2482"]
[PlyCount "120"]
[EventDate "2005.08.17"]
[EventType "swiss"]
[EventRounds "9"]
[EventCountry "ESP"]
[Source "lmi"]
[SourceDate "2005.08.25"]

1. e4 d5 2. exd5 Qxd5 3. Nc3 Qa5 4. d4 Nf6 5. Nf3 Nc6 6. d5 Nb4 7. Bc4 c6 8.
dxc6 Nxc6 9. O-O Bg4 10. Bb5 Rd8 11. Qe2 e6 12. h3 Bxf3 13. Qxf3 Qc7 14. Be3 a6
15. Bxc6+ Qxc6 16. Qxc6+ bxc6 17. Rad1 Nd5 18. Na4 Nxe3 19. fxe3 f5 20. Kf2 Be7
21. Ke2 h5 22. e4 Rf8 23. Rd3 Rxd3 24. cxd3 Kd7 25. Nb6+ Kc7 26. Nc4 Rf6 27.
Ne5 Bd6 28. Nf3 Bf4 29. e5 Rh6 30. d4 h4 31. Ne1 Bg5 32. Nd3 Be7 33. Rf3 g5 34.
Rf1 Rh8 35. Rc1 Rb8 36. b3 Rb5 37. Rc4 a5 38. Ke3 Kb6 39. Nb2 Kc7 40. Ra4 c5
41. Rc4 Kb7 42. Nd3 cxd4+ 43. Rxd4 Kc6 44. Rc4+ Kd7 45. Kd2 Rd5 46. Ke3 Bd8 47.
b4 Bb6+ 48. Ke2 axb4 49. Rxb4 Bc7 50. Rb7 Ra5 51. a4 Kc6 52. Rb4 Bxe5 53. Rc4+
Kd5 54. Rc8 Bd4 55. Nb4+ Ke4 56. Re8 e5 57. Nd3 Rxa4 58. Rxe5+ Bxe5 59. Nc5+
Kf4 60. Nxa4 Kg3 0-1

[Event "2. Open Fincas Mediterranea"]
[Site "Castelldefels ESP"]
[Date "2005.08.22"]
[Round "6.5"]
[White "Avila Jimenez, Javier"]
[Black "Hernando Rodrigo, Julio A"]
[Result "0-1"]
[WhiteElo "2194"]
[BlackElo "2371"]
[PlyCount "64"]
[EventDate "2005.08.17"]
[EventType "swiss"]
[EventRounds "9"]
[EventCountry "ESP"]
[Source "lmi"]
[SourceDate "2005.08.25"]

1. d4 d6 2. e4 g6 3. c4 e5 4. d5 Bg7 5. g3 f5 6. Bg2 Nf6 7. Nc3 Nxe4 8. Nxe4
fxe4 9. Ne2 Bg4 10. Bxe4 Bh3 11. Be3 O-O 12. Qd2 Nd7 13. O-O-O Nf6 14. Nc3 b5
15. cxb5 a6 16. Bd3 axb5 17. Bxb5 Ng4 18. a4 Rxf2 19. Qe1 Rf3 20. Bd2 Nf2 21.
Ne4 Nxh1 22. Qxh1 Rb3 23. Kc2 Rxb5 24. axb5 Ra4 25. Kb3 Rd4 26. Be3 Bg2 27.
Qxg2 Rxd1 28. Qc2 Ra1 29. Qc6 Qf8 30. Ng5 e4 31. Qxc7 Qa8 32. Qa7 Qxd5+ 0-1

[Event "2. Open Fincas Mediterranea"]
[Site "Castelldefels ESP"]
[Date "2005.08.22"]
[Round "6.6"]
[White "Wong Castañeda, Arturo"]
[Black "Purnama, Tirta Chandra"]
[Result "1/2-1/2"]
[WhiteElo "2182"]
[BlackElo "2337"]
[PlyCount "201"]
[EventDate "2005.08.17"]
[EventType "swiss"]
[EventRounds "9"]
[EventCountry "ESP"]
[Source "lmi"]
[SourceDate "2005.08.25"]

1. d4 d5 2. Nf3 Nf6 3. Bf4 c5 4. e3 Nc6 5. c3 e6 6. Bd3 Bd6 7. Bxd6 Qxd6 8.
Nbd2 O-O 9. O-O e5 10. dxe5 Nxe5 11. Nxe5 Qxe5 12. Re1 Bg4 13. Be2 Be6 14. Bf3
Rfd8 15. Qa4 Qc7 16. Rac1 Rab8 17. a3 b5 18. Qh4 c4 19. Bd1 Bf5 20. Bc2 Bxc2
21. Rxc2 a5 22. Nf3 b4 23. axb4 axb4 24. Rd1 bxc3 25. bxc3 Rb6 26. Nd2 Rdb8 27.
h3 Qe5 28. Nf3 Qf5 29. Nd4 Qg6 30. Qf4 h6 31. Nf5 Kh7 32. Rcd2 Rb1 33. Ne7
Rxd1+ 34. Rxd1 Qc2 35. Rf1 Rb3 36. Qd6 Qd3 37. g4 Qxc3 38. Nxd5 Nxd5 39. Qxd5
Qc2 40. Qxf7 c3 41. e4 Rb5 42. Qc4 Rb1 43. Qd5 Rb8 44. Qe5 Rd8 45. Kg2 Qd2 46.
Ra1 Rf8 47. Qc5 Rf7 48. e5 Qb2 49. Re1 Qb7+ 50. Kg1 Rf3 51. e6 Rxh3 52. Qf5+ g6
53. Qe4 Qxe4 54. Rxe4 c2 55. Rc4 Kg7 56. Rxc2 Kf8 57. Re2 Ke7 58. Kg2 Rd3 59.
Re1 Rd6 60. Rh1 Kxe6 61. Rxh6 Kf6 62. Rh8 Rd3 63. f3 Rb3 64. Kg3 g5 65. Rf8+
Kg6 66. Rf5 Rc3 67. Re5 Ra3 68. Re6+ Kf7 69. Rd6 Rb3 70. Kf2 Ra3 71. Ke2 Rb3
72. Rd3 Rb4 73. Ke3 Kf6 74. Rd6+ Kf7 75. Rd4 Rb3+ 76. Ke4 Kf6 77. Rd6+ Kf7 78.
Rd5 Kf6 79. Rd4 Ra3 80. Rb4 Rc3 81. Rb6+ Kf7 82. Ra6 Rb3 83. Ra4 Rc3 84. f4 Rb3
85. fxg5 Kg6 86. Kf4 Rb1 87. Ra6+ Kg7 88. g6 Rb5 89. Rd6 Ra5 90. Rc6 Rb5 91.
Rd6 Ra5 92. Kg3 Rb5 93. Kh4 Ra5 94. Re6 Rb5 95. Ra6 Rc5 96. Ra7+ Kxg6 97. Ra6+
Kg7 98. Ra4 Rb5 99. g5 Rb1 100. Ra7+ Kg6 101. Ra6+ 1/2-1/2

[Event "2. Open Fincas Mediterranea"]
[Site "Castelldefels ESP"]
[Date "2005.08.22"]
[Round "6.7"]
[White "Sprenger, Wendelin"]
[Black "Halay, Taufik"]
[Result "0-1"]
[WhiteElo "2174"]
[BlackElo "2320"]
[PlyCount "122"]
[EventDate "2005.08.17"]
[EventType "swiss"]
[EventRounds "9"]
[EventCountry "ESP"]
[Source "lmi"]
[SourceDate "2005.08.25"]

1. e4 c5 2. Nf3 d6 3. d4 cxd4 4. Nxd4 Nf6 5. Nc3 g6 6. Be3 Bg7 7. Be2 O-O 8.
O-O Nc6 9. Nb3 a6 10. f4 b5 11. Bf3 Bb7 12. Nd5 Nxd5 13. exd5 Na5 14. Bd4 Nxb3
15. axb3 Bxd4+ 16. Qxd4 Qc7 17. c3 Bc8 18. b4 Qa7 19. Qxa7 Rxa7 20. Ra5 Rc7 21.
Raa1 Kg7 22. Kf2 h6 23. Rfe1 Bb7 24. g3 g5 25. fxg5 hxg5 26. h4 Rh8 27. Rh1
gxh4 28. gxh4 Rc4 29. h5 Rf4 30. Rhg1+ Kf8 31. Ke3 Rf5 32. Rg3 Rg8 33. Rh3 Bc8
34. Kf2 Rh8 35. Rg3 Rhxh5 36. Kg2 Rhg5 37. Bg4 Rxg4 38. Rxg4 Rxd5 39. Rh4 Bb7
40. Rh8+ Kg7 41. Rb8 Rd1+ 42. Rxb7 Rxa1 43. Rxe7 Kf6 44. Re2 Rd1 45. Kf3 Kf5
46. Rf2 Re1 47. Rd2 Ke5 48. Kf2 Re4 49. Rd1 d5 50. Ra1 Rf4+ 51. Ke2 Rf6 52. Kd3
d4 53. cxd4+ Kd5 54. Rd1 Rf4 55. Kc3 Rf3+ 56. Kc2 f5 57. Ra1 Kxd4 58. Rxa6 Kc4
59. Rd6 Kxb4 60. Rd2 Kc4 61. Kd1 Rd3 0-1

[Event "2. Open Fincas Mediterranea"]
[Site "Castelldefels ESP"]
[Date "2005.08.22"]
[Round "6.8"]
[White "Rios, Alejandro"]
[Black "Escobar Torres, Antonio"]
[Result "1-0"]
[WhiteElo "2282"]
[BlackElo "2095"]
[PlyCount "82"]
[EventDate "2005.08.17"]
[EventType "swiss"]
[EventRounds "9"]
[EventCountry "ESP"]
[Source "lmi"]
[SourceDate "2005.08.25"]

1. e4 e6 2. d4 d5 3. Nd2 dxe4 4. Nxe4 Nf6 5. Ng3 Bd7 6. Nf3 Bd6 7. Ne5 Bc6 8.
Nxc6 Nxc6 9. Bb5 O-O 10. Bxc6 bxc6 11. O-O c5 12. dxc5 Bxc5 13. Bg5 Be7 14. c4
h6 15. Bf4 Qxd1 16. Rfxd1 c6 17. Bd6 Rfe8 18. Bxe7 Rxe7 19. Rd6 Rc7 20. f3 Kf8
21. Re1 g6 22. Re2 Rb8 23. Kf2 Ke7 24. Rd3 Rb4 25. Rc2 Rcb7 26. Rdd2 a5 27. Ne2
c5 28. Nc1 Nd7 29. Nd3 R4b6 30. Ke3 a4 31. h3 Rc6 32. Re2 Kf6 33. Nf2 Rb4 34.
f4 Ke7 35. Ne4 Nb6 36. Kd3 Rc7 37. Nd2 Rd7+ 38. Kc3 Nc8 39. Re5 Rc7 40. Rxc5
Rxc5 41. Kxb4 Rf5 1-0

[Event "2. Open Fincas Mediterranea"]
[Site "Castelldefels ESP"]
[Date "2005.08.22"]
[Round "6.10"]
[White "Hernando Rodrigo, Julio A"]
[Black "Colom Andres, Xavier"]
[Result "1-0"]
[WhiteElo "2371"]
[BlackElo "2090"]
[PlyCount "47"]
[EventDate "2005.08.17"]
[EventType "swiss"]
[EventRounds "9"]
[EventCountry "ESP"]
[Source "lmi"]
[SourceDate "2005.08.25"]

1. d4 d5 2. Nf3 Nf6 3. c4 c6 4. e3 e6 5. Nbd2 Nbd7 6. Bd3 b6 7. O-O Bb7 8. e4
dxe4 9. Nxe4 Be7 10. Nxf6+ Bxf6 11. Qc2 Qc7 12. Re1 h6 13. Qe2 Be7 14. Ne5 Nxe5
15. Bf4 Bf6 16. dxe5 Be7 17. a3 Bg5 18. Bxg5 hxg5 19. c5 f5 20. Bc4 Qe7 21.
Rad1 Rd8 22. Rd6 Rxd6 23. exd6 Qf6 24. Qxe6+ 1-0

[Event "2. Open Fincas Mediterranea"]
[Site "Castelldefels ESP"]
[Date "2005.08.22"]
[Round "6.11"]
[White "Iglesias, Jorge"]
[Black "Valarezzo Ricard, Pedro"]
[Result "1-0"]
[WhiteElo "2355"]
[BlackElo "2065"]
[PlyCount "67"]
[EventDate "2005.08.17"]
[EventType "swiss"]
[EventRounds "9"]
[EventCountry "ESP"]
[Source "lmi"]
[SourceDate "2005.08.25"]

1. e4 d5 2. exd5 Qxd5 3. Nc3 Qa5 4. d4 c6 5. Nf3 Nf6 6. Bd2 Qb6 7. Bc4 Bf5 8.
Bb3 e6 9. Qe2 Bb4 10. O-O-O Nbd7 11. Nh4 Bg6 12. a3 Bxc3 13. Bxc3 O-O-O 14.
Nxg6 hxg6 15. Qf3 Qc7 16. h3 Nb6 17. Rd3 Rh4 18. g4 Rdh8 19. Bd2 Nxg4 20. Bg5
Nxf2 21. Qxf2 R4h5 22. Bf4 Qe7 23. Be5 Rf5 24. Rf3 Rh7 25. Kb1 Nd7 26. Bg3 Qf6
27. Rxf5 Qxf5 28. Qe3 Rxh3 29. Rxh3 Qxh3 30. Qf4 Kd8 31. Qc7+ Ke8 32. Bd6 Qh4
33. Qxb7 f5 34. Ka2 1-0

[Event "2. Open Fincas Mediterranea"]
[Site "Castelldefels ESP"]
[Date "2005.08.22"]
[Round "6.13"]
[White "Catarineu Navines, Federico"]
[Black "Marin, Irina Luiza"]
[Result "1/2-1/2"]
[WhiteElo "2051"]
[BlackElo "2224"]
[PlyCount "75"]
[EventDate "2005.08.17"]
[EventType "swiss"]
[EventRounds "9"]
[EventCountry "ESP"]
[Source "lmi"]
[SourceDate "2005.08.25"]

1. e4 c5 2. Nc3 e6 3. f4 a6 4. Nf3 Nc6 5. d3 d5 6. Be2 Nge7 7. O-O g6 8. e5 h5
9. Qe1 Nf5 10. Bd2 b5 11. Nd1 c4 12. c3 Bb7 13. d4 b4 14. Nf2 Be7 15. Nh3 Qb6
16. Nhg5 a5 17. Bd1 Kf8 18. Bc2 Rb8 19. Bxf5 gxf5 20. Rb1 Ba6 21. Kh1 Bb5 22.
Qd1 a4 23. Be1 Qa7 24. Qc1 a3 25. bxa3 bxc3 26. Bxc3 Qxa3 27. Qd2 Qa7 28. Rb2
Ba3 29. Rbb1 Ke7 30. Qe1 Kf8 31. Qd2 Qa4 32. Ne1 Be7 33. h4 Qa7 34. Nc2 Ba4 35.
Nb4 Kg7 36. Nxc6 Bxc6 37. Bb4 Bxg5 38. hxg5 1/2-1/2

[Event "2. Open Fincas Mediterranea"]
[Site "Castelldefels ESP"]
[Date "2005.08.22"]
[Round "6.15"]
[White "Gonzalez Valenzuela, Didac"]
[Black "Sanchez Rodriguez, Jaime"]
[Result "1-0"]
[WhiteElo "2112"]
[BlackElo "2080"]
[PlyCount "115"]
[EventDate "2005.08.17"]
[EventType "swiss"]
[EventRounds "9"]
[EventCountry "ESP"]
[Source "lmi"]
[SourceDate "2005.08.25"]

1. d4 e6 2. c4 d5 3. Nc3 Nf6 4. Bg5 Be7 5. Nf3 Nbd7 6. e3 c6 7. Bd3 dxc4 8.
Bxc4 Nd5 9. Bxe7 Qxe7 10. O-O Qb4 11. Qb3 Qxb3 12. Bxb3 Nxc3 13. bxc3 b6 14. a4
Ba6 15. Rfe1 Ke7 16. c4 Bb7 17. Nd2 c5 18. d5 f5 19. e4 f4 20. a5 e5 21. a6 Bc8
22. Ba4 h6 23. Nb1 Nf6 24. Bc6 Bd7 25. Bxa8 Rxa8 26. g3 Nh5 27. Nc3 Rf8 28. d6+
Kxd6 29. Red1+ Ke6 30. Nd5 Bc6 31. Nc7+ Ke7 32. Rd2 fxg3 33. hxg3 Nf6 34. f3
Rc8 35. Nd5+ Bxd5 36. exd5 Kd6 37. Re2 Re8 38. Kg2 Re7 39. Rh1 Re8 40. g4 Rb8
41. Rhe1 Re8 42. f4 Nd7 43. Kg3 Re7 44. Kh4 g6 45. Kg3 Re8 46. Kf3 Re7 47. Rh1
Rh7 48. Reh2 h5 49. gxh5 gxh5 50. Rxh5 Rf7 51. Rh6+ Kc7 52. Rc6+ Kd8 53. Rh8+
Nf8 54. Ke4 exf4 55. Kf3 Kd7 56. Rxb6 axb6 57. a7 Ng6 58. a8=Q 1-0

[Event "2. Open Fincas Mediterranea"]
[Site "Castelldefels ESP"]
[Date "2005.08.22"]
[Round "6.17"]
[White "Pacheco Madueno, Joan"]
[Black "Martin Canfran, Ruben"]
[Result "0-1"]
[WhiteElo "2004"]
[BlackElo "2202"]
[PlyCount "114"]
[EventDate "2005.08.17"]
[EventType "swiss"]
[EventRounds "9"]
[EventCountry "ESP"]
[Source "lmi"]
[SourceDate "2005.08.25"]

1. e4 c5 2. Nf3 d6 3. d4 cxd4 4. Nxd4 Nf6 5. Nc3 g6 6. Be3 Bg7 7. f3 O-O 8. Bc4
Nc6 9. Qd2 Bd7 10. h4 Rc8 11. Bb3 Ne5 12. O-O-O h5 13. Bg5 Rc5 14. Nde2 Qc7 15.
Bxf6 Bxf6 16. Nd5 Rxd5 17. Bxd5 Nc4 18. Bxc4 Qxc4 19. Kb1 Rc8 20. c3 a5 21. Nf4
a4 22. Nd5 Be6 23. Qd3 Qc6 24. Nxf6+ exf6 25. Qxd6 Qc4 26. Qa3 b5 27. Rd4 Qe2
28. Rhd1 Bc4 29. Rd8+ Rxd8 30. Rxd8+ Kh7 31. Qd6 Qf1+ 32. Qd1 Qxg2 33. b3 axb3
34. axb3 Be6 35. Rd2 Qg3 36. Kb2 Qxh4 37. Qf1 b4 38. cxb4 Qf4 39. Qf2 f5 40.
exf5 Bxf5 41. Rd4 Qe5 42. Kc3 Qf6 43. Qg3 g5 44. Qd6 Be6 45. Qg3 h4 46. Qf2 Bf5
47. Kd2 Qa6 48. Kc3 h3 49. Rd5 Qe6 50. Rd4 Kg6 51. Qd2 f6 52. b5 Qe5 53. Kb4 h2
54. Rd8 h1=Q 55. Rg8+ Kh7 56. Rh8+ Kxh8 57. Qd8+ Kg7 0-1

[Event "2. Open Fincas Mediterranea"]
[Site "Castelldefels ESP"]
[Date "2005.08.22"]
[Round "6.19"]
[White "Severri Arrese, Carlos"]
[Black "Lopez Artigas, Sergio"]
[Result "0-1"]
[WhiteElo "2150"]
[BlackElo "1993"]
[PlyCount "104"]
[EventDate "2005.08.17"]
[EventType "swiss"]
[EventRounds "9"]
[EventCountry "ESP"]
[Source "lmi"]
[SourceDate "2005.08.25"]

1. d4 d5 2. Nd2 Nf6 3. e3 Bg4 4. Ngf3 Nbd7 5. c3 c6 6. Qb3 Qb6 7. Bd3 e6 8. e4
dxe4 9. Nxe4 Bxf3 10. gxf3 Qc7 11. Be3 Nd5 12. O-O-O Nf4 13. Bf1 b5 14. Kb1 a5
15. Qc2 Be7 16. Qd2 Nd5 17. f4 O-O 18. Rg1 b4 19. c4 Nxe3 20. fxe3 a4 21. Bd3
b3 22. a3 Rfb8 23. c5 Nf6 24. Qg2 g6 25. Nc3 Nd5 26. Nxd5 cxd5 27. Qg4 f5 28.
Qg3 Rf8 29. h4 Rf7 30. h5 Rg7 31. Qg2 Bf6 32. Qf3 Kf7 33. Rg2 Ke7 34. hxg6 hxg6
35. Rdg1 Qa5 36. Qd1 Rag8 37. Qe1 Qxe1+ 38. Rxe1 g5 39. fxg5 Rxg5 40. Rxg5 Bxg5
41. Bb5 Bxe3 42. Bxa4 Bxd4 43. Bxb3 Rg1 44. Rxg1 Bxg1 45. c6 Kd6 46. Ba4 e5 47.
b4 f4 48. Kc1 e4 49. b5 Bc5 50. Kd2 f3 51. Ke1 e3 52. Bb3 Bxa3 0-1

[Event "2. Open Fincas Mediterranea"]
[Site "Castelldefels ESP"]
[Date "2005.08.22"]
[Round "6.20"]
[White "Maleki, Manuel"]
[Black "Diaz Moron, Agustin"]
[Result "1-0"]
[WhiteElo "2119"]
[BlackElo "1992"]
[PlyCount "77"]
[EventDate "2005.08.17"]
[EventType "swiss"]
[EventRounds "9"]
[EventCountry "ESP"]
[Source "lmi"]
[SourceDate "2005.08.25"]

1. d4 d5 2. c4 e5 3. dxe5 d4 4. Nf3 Nc6 5. g3 Be6 6. Nbd2 Qd7 7. Bg2 Bh3 8. e6
Bxe6 9. Ng5 Bf5 10. Qa4 Nge7 11. O-O h6 12. Ngf3 Bh3 13. Bxh3 Qxh3 14. Nxd4
O-O-O 15. N4f3 Ng6 16. b4 Kb8 17. Bb2 Bxb4 18. Nb3 Be7 19. Na5 Nxa5 20. Qxa5 h5
21. Bd4 b6 22. Rab1 Ka8 23. Qb5 Rd6 24. c5 Re6 25. cxb6 cxb6 26. Qd5+ Kb8 27.
Ne5 Rd8 28. Nc6+ Rxc6 29. Qxc6 Rxd4 30. Rxb6+ axb6 31. Qxb6+ Ka8 32. Qa6+ Kb8
33. Qb6+ Ka8 34. Qxd4 Qf5 35. Qb6 Bc5 36. Qc6+ Ka7 37. e4 Qe5 38. Rb1 Bxf2+ 39.
Kh1 1-0

[Event "2. Open Fincas Mediterranea"]
[Site "Castelldefels ESP"]
[Date "2005.08.23"]
[Round "7.1"]
[White "Peralta, Fernando"]
[Black "Hamdouchi, Hichem"]
[Result "1/2-1/2"]
[WhiteElo "2553"]
[BlackElo "2567"]
[PlyCount "42"]
[EventDate "2005.08.17"]
[EventType "swiss"]
[EventRounds "9"]
[EventCountry "ESP"]
[Source "lmi"]
[SourceDate "2005.08.25"]

1. d4 d5 2. c4 c6 3. Nf3 Nf6 4. e3 a6 5. Qc2 e6 6. Nbd2 Nbd7 7. b3 c5 8. Bd3 g6
9. O-O Bg7 10. cxd5 Nxd5 11. Ba3 Nb4 12. Bxb4 cxb4 13. Nc4 O-O 14. Rac1 Bh6 15.
Qd2 a5 16. a3 bxa3 17. Nxa3 Nf6 18. Bb5 Bd7 19. Qe2 Nd5 20. Ne5 Bxb5 21. Nxb5
a4 1/2-1/2

[Event "2. Open Fincas Mediterranea"]
[Site "Castelldefels ESP"]
[Date "2005.08.23"]
[Round "7.3"]
[White "Hernando Rodrigo, Jose Maria"]
[Black "Marin, Mihail"]
[Result "0-1"]
[WhiteElo "2351"]
[BlackElo "2537"]
[PlyCount "76"]
[EventDate "2005.08.17"]
[EventType "swiss"]
[EventRounds "9"]
[EventCountry "ESP"]
[Source "lmi"]
[SourceDate "2005.08.25"]

1. d4 Nf6 2. Nf3 e6 3. c4 c5 4. Nc3 cxd4 5. Nxd4 a6 6. g3 Qc7 7. Bg2 Qxc4 8.
Bf4 Nc6 9. Nb3 d5 10. a3 d4 11. Nd2 Qc5 12. Nce4 Nxe4 13. Nxe4 Qa5+ 14. b4 Qd8
15. Qa4 Bd7 16. Nd6+ Bxd6 17. Bxd6 Na7 18. Qd1 Bc6 19. Qxd4 Bxg2 20. Rd1 f6 21.
Qe3 Qc8 22. Rg1 Bc6 23. Bc5 Nb5 24. Qd3 Kf7 25. Bb6 Nc7 26. e4 Re8 27. g4 Re7
28. g5 f5 29. Qg3 Kg8 30. Qd6 Rd7 31. Qe5 Rxd1+ 32. Kxd1 Qd7+ 33. Kc1 Bxe4 34.
g6 hxg6 35. Rxg6 Rc8 36. Bc5 Qf7 37. Rg3 Ne8 38. f3 Qf6 0-1